AYURVEDA BASED CLINICAL METHODS FOR EXAMINATION OF GRAHANI ROGA (Record no. 34646)

MARC details
000 -LEADER
fixed length control field 00441nam a22001697a 4500
003 - CONTROL NUMBER IDENTIFIER
control field SGT
020 ## - INTERNATIONAL STANDARD BOOK NUMBER
International Standard Book Number 9789392544002
082 ## - DEWEY DECIMAL CLASSIFICATION NUMBER
Classification number 615.53
Item number A22S
100 ## - MAIN ENTRY--PERSONAL NAME
Personal name SRIKANT, N,ed.
245 ## - TITLE STATEMENT
Title AYURVEDA BASED CLINICAL METHODS FOR EXAMINATION OF GRAHANI ROGA
250 ## - EDITION STATEMENT
Edition statement 1ST
260 ## - PUBLICATION, DISTRIBUTION, ETC. (IMPRINT)
Place of publication, distribution, etc NEW DELHI
Name of publisher, distributor, etc CCRAS
Year of Publication 2022
300 ## - PAGE DESCRIPTION
No. of Pages 58
650 ## - SUBJECT ADDED ENTRY--TOPICAL TERM
Topical term or geographic name as entry element AYURVEDA
653 ## - KEYWORDS--INDEX TERM
Keyword term AYURVEDA, CLINICAL, METHODS , EXAMINATION, GRAHANI ROGA
942 ## - ADDED ENTRY ELEMENTS (KOHA)
Source of classification or shelving scheme Dewey Decimal Classification
Koha item type Books
Holdings
Withdrawn status Lost status Source of classification or shelving scheme Damaged status Use restrictions Not for loan Collection code Home library Current library Shelving location Date acquired Vendor Name Cost, normal purchase price SGTU Bill Number Total Checkouts Full call number Accession No. (Barcode) Date last seen Bill Date Koha item type
    Dewey Decimal Classification   Restricted Access   AYURVEDA SGT FA-FP Library SGT FA-FP Library Reference Book 24/04/2026 ABC PVT. LTD. 445.00 SGTU 22873   615.53 A22S FA13312 24/04/2026 10/04/2026 Books
    Dewey Decimal Classification   Restricted Access   AYURVEDA SGT FA-FP Library SGT FA-FP Library Reference Book 24/04/2026 ABC PVT. LTD. 445.00 SGTU 22873   615.53 A22S FA13313 24/04/2026 10/04/2026 Books